000
00261nam a2200097Ia 4500
001
794440
005
20250826170708.0
008
250824s9999 xx 000 0 und d
245
0
_a
HALİME KAPTAN
_c
RIFAT ILGAZ
260
_b
TÜRKİYE İŞ BANKASI KÜLTÜR YAYINLARI
999
_c
794440
_d
794440